000 00585nam a2200277Ia 4500
005 20260401122049.0
008 008 250103s9999 xx 000 0 eng d
020 _a783804571
037 _aTB
040 _aEDL
040 _beng
040 _cEDL
041 _2eng
041 _aeng
084 _a410.9 KNI
084 _qEDL
245 0 _aCritical Essays on Roland Barthes
260 _aNew York
260 _bG K Hall & Co.
260 _c2000
300 _a314p
942 _cTB
942 _h410.9 KNI
999 _c1844674
_d1844674